| 000 | 01029nam a2200265 i 4500 | ||
|---|---|---|---|
| 001 | 25079 | ||
| 003 | ES-MaACL | ||
| 005 | 20250709063211.0 | ||
| 007 | t| | ||
| 008 | 021220e1841 fr ||||1| fre d | ||
| 080 | _a792.05 | ||
| 080 | _a725.91:792 | ||
| 100 | 1 |
_aArago, Jacques, _d1790-1855 _922166 _eaut |
|
| 245 | 1 | 0 |
_aPhysiologie des foyers de tous les théâtres de Paris / _cpar J. Arago |
| 260 |
_aParis : _bchez les marchands de nouveautés, _c1841 |
||
| 300 |
_a144 páginas ; _c16 cm. |
||
| 530 | _aDisponible en formato digital | ||
| 650 | 4 |
_917397 _aTeatros- _zParís- _yS.XIX |
|
| 852 |
_aES-MaACL _cDEPOF _hDonativo Haes _jT-223-F-1 _xEn lomo: Haes |
||
| 856 |
_uhttps://archive.org/details/physiologiedesfo00araguoft/page/2/mode/2up _yVersión en línea _z(Internet Archive) |
||
| 856 |
_uhttps://gallica.bnf.fr/ark:/12148/btv1b85302336 _yVersión en línea _z(Gallica. Bibliothèque nationale de France) |
||
| 942 |
_2udc _cFOLLETOS _n0 |
||
| 999 |
_c25079 _d25079 |
||